Chillán: sus fundaciones y destrucciones 1580-1835

Salvato in:
Dettagli Bibliografici
Autore principale: Muñoz Olave, Reinaldo (autor)
Natura: Libro
Lingua:spagnolo
Pubblicazione: Santiago, Chile Imprenta de San José 1921
Soggetti:
Tags: Aggiungi Tag
Nessun Tag, puoi essere il primo ad aggiungerne!!

MARC

LEADER 00000nam a2200000 a 4500
001 UCO2607
003 CL-VaPUC
005 20250327093503.0
008 000608e19210000CL |||||||||||||||||spa|d
999 |c 289112  |d 289110 
040 |c Pontificia Universidad Católica de Valparaíso 
082 0 4 |a 983.38 MUÑ 1921  |2 21 
100 |a Muñoz Olave, Reinaldo  |e autor  |9 508855 
245 1 0 |a Chillán:  |b  sus fundaciones y destrucciones 1580-1835 
260 |a Santiago, Chile  |b Imprenta de San José  |c 1921 
300 |a 328 páginas 
500 |a Apéndices documentales 
583 |a last modification  |c 20000608 00:00:00  |k Rodrigo Vera 
650 0 |a Ciudades  |z CHILLAN  |9 265474 
650 0 |a Historia urbana  |z CHILLAN  |9 265140 
650 0 |a Guerra de Arauco  |z CHILLAN  |9 267618 
650 0 |a Catástrofes naturales  |z CHILLAN  |9 268107 
650 0 |a Fuentes Históricas  |z CHILLAN  |9 265141 
650 7 |a HISTORIA DE CHILE  |2 CL-VaPUC  |9 446030  |y 1580-1835  |z CHILLAN 
650 0 |a Fundación de ciudades  |z CHILLAN  |z CHILE  |9 396125 
852 |a BIBCUR 
942 |c BK  |2 ddc 
945 |d 20000608 00:00:00  |a crobeson 
952 |0 0  |1 0  |2 ddc  |4 0  |6 983_380000000000000_MUÑ_1921  |7 0  |8 X  |9 337286  |a BIBHIS  |b BIBHIS  |d 2019-11-20  |i 1293303  |o 983.38 MUÑ 1921  |p 1293303  |r 2024-01-30  |t 1  |w 2019-11-20  |y BK_X  |k HIS 
952 |0 0  |1 0  |2 ddc  |4 0  |6 983_380000000000000_MUÑ_1921  |7 0  |8 X  |9 337287  |a FDOBUD  |b FDOBUD  |d 2019-11-20  |i 1009672  |o 983.38 MUÑ 1921  |p 1009672  |r 2019-11-20  |t 2  |w 2019-11-20  |y BK_X  |k BUD 
952 |0 0  |1 0  |2 ddc  |4 0  |6 983_380000000000000_MUÑ_1921  |7 0  |8 X  |9 337288  |a FDOBUD  |b FDOBUD  |d 2019-11-20  |i 1023616  |o 983.38 MUÑ 1921  |p 1023616  |r 2019-11-20  |t 3  |w 2019-11-20  |y BK_X  |k BUD